Les André célèbres - Statistiques

Statistiques générales
  • Ce quiz a été pris 171 fois
  • Le résultat moyen est 7 sur 23
Statistiques - réponses
Indice 1 Indice 2 Nom % Correct
tennisman américain (1970) le kid de Las Vegas Agassi
82%
industriel (1923-2016) 2CV- C3 - C4 Citroen
77%
écrivain (1901-1976) la condition humaine Malraux
71%
compositeur, musicien (1957) membre du jury de "Nouvelle Star" sur M6 Manoukian
63%
jardinier (1613-1700) jardinier du roi Louis XIV Le Nôtre
59%
écrivain (1869-1951) les faux monnayeurs Gide
56%
accordéoniste (1920-2013) les fiancés d'Auvergne Verchuren
39%
auteur de BD belge (1924-1997) Spirou Franquin
29%
acteur (1917-1970) dit Bourvil Raimbourg
29%
violoniste néerlandais (1949) chef d'orchestre Rieu
28%
chanteur (1943-2007) à la queuleuleu Bézu
27%
acteur (1946) a reçu trois César (un coeur en hiver) Dussolier
26%
couturier (1923-2016) promoteur de la minijupe et du pantalon pour les femmes Courrèges
22%
acteur, cycliste (1919-2005) acteur fétiche de Michel Audiard Pousse
19%
réalisateur (1909-1989) mourir d'aimer Cayatte
18%
cycliste (1929 champion du monde sur route 1959 Darrigade
18%
inventeur, physicien (1775-1836) fondateur de l'électromagnétisme Ampere
16%
écrivain (1896-1966) l'amour fou Breton
15%
rugbyman (1934) international avec son frère Guy Boniface
13%
syndicaliste (1922-2014) secrétaire général de la Confédération générale du travail - Force ouvrière de 1963 à 1989 Bergeron
10%
maréchal (1758-1817) l'enfant chéri de la victoire Masséna
5%
écrivain (1885-1967) pseudonyme d’Émile Salomon Wilhelm Herzog Maurois
4%
écrivain, journaliste, historien d'origine belge(1911-2004) de son vrai nom André Storms Castelot
1%
Aucun quiz correspondant
Distribution des résultats
% des personnes avec chaque résultat
Percentile par nombre de réponses
Votre historique - résultats
Vous n’avez pas pris ce quiz